000 00410nam a2200157Ia 4500
003 GCL
008 140319s9999 xx 000 0 eng d
040 _aGCL /
_cGCL
082 0 4 _a621.382
_bB D
100 1 _aLACKMAR, JANET
245 1 0 _aDIGITAL SIGNAL TRANSMISSION /
_cLACKMAR, JANET
260 _a[S.N] :
_bMACMILLAN PUBLISHING COMPANY ،
_c1992
300 _a321 P
650 0 4 _aDIGITAL
942 _2ddc
_cBK
999 _c16896
_d16896